Bahaddur ganda. (Record no. 180167)
[ view plain ]
| 000 -LEADER | |
|---|---|
| fixed length control field | 00545nam a2200205Ia 4500 |
| 003 - CONTROL NUMBER IDENTIFIER | |
| control field | OSt |
| 005 - DATE AND TIME OF LATEST TRANSACTION | |
| control field | 20251211114326.0 |
| 008 - FIXED-LENGTH DATA ELEMENTS--GENERAL INFORMATION | |
| fixed length control field | 210707s1983 xx 000 0 und d |
| 040 ## - CATALOGING SOURCE | |
| Transcribing agency | AL |
| 041 ## - LANGUAGE CODE | |
| Language code of text/sound track or separate title | Kannada |
| 082 ## - DEWEY DECIMAL CLASSIFICATION NUMBER | |
| Classification number | K894.2 PARB |
| 100 ## - MAIN ENTRY--PERSONAL NAME | |
| Personal name | PARVATAVANI |
| Dates associated with a name | ಪರ್ವತವಾಣಿ |
| 9 (RLIN) | 170894 |
| 245 ## - TITLE STATEMENT | |
| Title | Bahaddur ganda. |
| Remainder of title | ಬಹದ್ದೂರ್ ಗಂಡ |
| 260 ## - PUBLICATION, DISTRIBUTION, ETC. | |
| Place of publication, distribution, etc. | Bengaluru |
| Name of publisher, distributor, etc. | Vishva Kannada Sammelana |
| Date of publication, distribution, etc. | 1983 |
| 300 ## - PHYSICAL DESCRIPTION | |
| Extent | 135 p |
| 365 ## - TRADE PRICE | |
| Price amount | 100 |
| Currency code | INR |
| 563 ## - BINDING INFORMATION | |
| Binding note | PB |
| 650 ## - SUBJECT ADDED ENTRY--TOPICAL TERM | |
| Topical term or geographic name entry element | Kannada Drama |
| 9 (RLIN) | 170895 |
| 942 ## - ADDED ENTRY ELEMENTS (KOHA) | |
| Source of classification or shelving scheme | Dewey Decimal Classification |
| Koha item type | Book |
| Withdrawn status | Lost status | Source of classification or shelving scheme | Damaged status | Not for loan | Collection code | Home library | Current library | Date acquired | Cost, normal purchase price | Total Checkouts | Full call number | Barcode | Date last seen | Price effective from | Koha item type |
|---|---|---|---|---|---|---|---|---|---|---|---|---|---|---|---|
| Dewey Decimal Classification | Kannada | St Aloysius Library | St Aloysius Library | 02/18/2003 | 100.00 | K894.2 PARB | BB04069 | 07/08/2021 | 07/08/2021 | Book Bank |